000 01598nam a22003497a 4500
005 20110804155155.0
008 110804t xxu||||| |||| 00| 0 eng d
010 _aENG-103227-28
020 _a9788177420708
_c2750.00(set of 2 vols.)
035 _aEN-86760-61
037 _bDBAD / PUB
040 _adpl
_bEnglish
082 _a250
100 _929868
245 _aBuddhist poetry, thought, and diffusion /
_cbeing a collection of articles contributed by H.W. Bailey ... [et al]
260 _aNew Delhi
_bInternational Academy of Indian Culture and Aditya Prakashan
_c2010
270 _a2/18, Ansari Road
_bNew Delhi
_e110002
300 _a2v.(ix,623 ; xxx,625-1218)p. :
_c25cm (Hb)
_bill.
490 _aŚata-piṭaka series : Indo-Asian literatures v. 630-631
_932823
500 _aIncludes index
546 _aTranslated from different languages.
650 _929869
_aBuddhist literature
_xHistory and criticism.
650 _931251
_aBuddhist literature
_xManuscripts.
650 _aBuddhist philosophy.
_931346
651 _91549
_aTaxila (Extinct city)
651 _aPakistan
_xAntiquities.
_931308
700 _929871
_aBailey, H. W. |q (Harold Walter)
_d1899-1996
710 _aInternational Academy of Indian Culture.
_931347
942 _2ddc
_cEN
_mBUD
_h250
999 _c54884
_d54884